000 00601nam a2200193Ia 4500
003 GCL
008 140319s9999 xx 000 0 ara d
040 _aGCL /
_cGCL
082 0 4 _a189.1
_bع ش
100 1 _aعباس محمود العقاد
245 1 0 _aالشيخ الرئيس ابن سينا /
_cعباس محمود العقاد
300 _a144 ص
490 _aاقرأ
_v0
650 0 4 _aالفلسفة الاسلامية
650 0 4 _aالحركات الفكرية عند المسلمين
650 0 4 _aالفلاسفة المسلمون
650 0 4 _aابن سينا
942 _2ddc
_cBK
999 _c50199
_d50199